Films Ghibli par images - Statistiques

Statistiques générales
  • Ce quiz a été pris 114 fois
  • Le résultat moyen est 16 sur 20
Statistiques - réponses
Hint Réponse % Correct
Le voyage de Chihiro
97%
Kiki la petite sorcière
96%
Le château ambulant
96%
Mon voisin Totoro
96%
Porco Rosso
95%
Le royaume des chats
93%
Ponyo sur la falaise
92%
Arrietty : le petit monde des chapardeurs
87%
Pompoko
83%
Le tombeau des lucioles
82%
Nausicaä de la vallée du vent
79%
Souvenirs de Marnie
79%
Le château dans le ciel
76%
Princesse Mononoké
76%
La colline aux coquelicots
72%
Les contes de Terremer
72%
Le garçon et le héron
64%
Le vent se lève
64%
Je peux entendre l'océan
61%
Si tu tends l'oreille
54%
Aucun quiz correspondant
Distribution des résultats
% des personnes avec chaque résultat
Percentile par nombre de réponses
Votre historique - résultats
Vous n’avez pas pris ce quiz